[Event "Bergen Sommer op"]
[Site "Bergen"]
[Date "2017.07.30"]
[Round "4"]
[White "Larsen, Stig Borje"]
[Black "Mork, Ramona"]
[Result "1/2-1/2"]
[WhiteElo "1888"]
[BlackElo "1706"]
[PlyCount "51"]
[EventDate "2017.07.28"]
[EventType "swiss"]
[EventRounds "5"]
[EventCountry "NOR"]
[SourceTitle "CBM 179 Extra"]
[Source "ChessBase"]
[SourceDate "2017.08.23"]
[SourceVersion "1"]
[SourceVersionDate "2017.08.23"]
[SourceQuality "1"]

1. e4 c6 2. d4 d5 3. exd5 cxd5 4. Bd3 Nc6 5. c3 Qc7 6. Ne2 Bg4 7. f3 Bd7 8. Bf4 e5 9. dxe5 Nxe5 10. Bc2 Nf6 11. 0-0 Bd6 12. Bg3 0-0 13. Nd2 Nh5 14. Nb3 Nxg3 15. hxg3 Bb5 16. Qxd5 Bxe2 17. Qe4 Bd3 18. Bxd3 Nxd3 19. Qxd3 Bxg3 20. Rfd1 Qb6+ 21. Qd4 Qh6 22. Kf1 Qh1+ 23. Qg1 Qh5 24. Qc5 Qh1+ 25. Qg1 Qh5 26. Qc5 1/2-1/2

[Event "Bergen Sommer op"]
[Site "Bergen"]
[Date "2010.08.04"]
[Round "4"]
[White "Skoien, Havard"]
[Black "Larsen, Stig Borje"]
[Result "1/2-1/2"]
[WhiteElo "2128"]
[BlackElo "1917"]
[PlyCount "66"]
[EventDate "2010.08.01"]
[EventType "swiss"]
[EventRounds "6"]
[EventCountry "NOR"]
[SourceTitle "EXT 2012"]
[Source "ChessBase"]
[SourceDate "2011.11.24"]
[SourceVersion "1"]
[SourceVersionDate "2011.11.24"]
[SourceQuality "1"]

1. d4 d6 2. e4 Nf6 3. f3 e5 4. Be3 Be7 5. d5 Nbd7 6. c4 Nh5 7. Qd2 h6 8. Nc3 a6 9. 0-0-0 Bg5 10. g3 Bxe3 11. Qxe3 Qg5 12. Kd2 Qxe3+ 13. Kxe3 Nf8 14. Bh3 Ng6 15. Bxc8 Rxc8 16. Nge2 0-0 17. Nc1 Nf6 18. Nd3 Nd7 19. Rc1 Ne7 20. b4 b6 21. c5 b5 22. Ra1 dxc5 23. bxc5 b4 24. Na4 Rb8 25. c6 Nf6 26. Nxe5 Rfe8 27. Kd4 Rb5 28. Nc5 Nfxd5 29. Nxa6 Rd8 30. Kc4 Rb6 31. exd5 Rxd5 32. Nxb4 Rxe5 33. Rhe1 Nxc6 1/2-1/2

[Event "NOR-chT West Nord 0910"]
[Site "Norway"]
[Date "2009.12.06"]
[Round "2"]
[White "Kvamme, Ole Fredrik"]
[Black "Larsen, Stig Borje"]
[Result "1/2-1/2"]
[WhiteElo "1865"]
[BlackElo "1746"]
[PlyCount "108"]
[EventDate "2009.11.08"]
[EventType "team-tourn"]
[EventRounds "5"]
[EventCountry "NOR"]
[SourceTitle "EXT 2012"]
[Source "ChessBase"]
[SourceDate "2011.11.24"]
[SourceVersion "1"]
[SourceVersionDate "2011.11.24"]
[SourceQuality "1"]

1. c4 f5 2. g3 Nf6 3. Nc3 e6 4. Bg2 c6 5. Nf3 d5 6. d4 Bd6 7. Bf4 Bxf4 8. gxf4 Nbd7 9. Ne5 0-0 10. e3 Nxe5 11. dxe5 Ne4 12. Qc2 Qa5 13. Rc1 Nxc3 14. Qxc3 Qxa2 15. 0-0 Qxc4 16. Qxc4 dxc4 17. Rxc4 Rd8 18. Rb4 Kf8 19. Bf3 Ke7 20. h4 Rd2 21. Kg2 a5 22. Rb6 a4 23. Ra1 Kd7 24. Rg1 Kc7 25. Rb4 a3 26. bxa3 Rxa3 27. Kh3 g6 28. Rg2 Raa2 29. h5 Rxf2 30. Rxf2 Rxf2 31. Kg3 Rd2 32. Kh4 gxh5 33. e4 c5 34. Rc4 b6 35. Kg5 fxe4 36. Bxe4 Rf2 37. Bxh7 h4 38. f5 exf5 39. Rxh4 Kc6 40. Kf6 b5 41. e6 Kd6 42. Rh1 Bxe6 43. Rd1+ Bd5 44. Bg8 c4 45. Rxd5+ Kc6 46. Rxf5 Rxf5+ 47. Kxf5 Kc5 48. Ke4 b4 49. Ke3 b3 50. Kd2 Kb4 51. Kc1 c3 52. Bxb3 Kxb3 53. Kb1 c2+ 54. Kc1 Kc3 1/2-1/2

[Event "Bergen op"]
[Site "Bergen"]
[Date "2005.01.16"]
[Round "2"]
[White "Larsen, Stig Borje"]
[Black "Nordahl, Odd"]
[Result "0-1"]
[WhiteElo "1670"]
[BlackElo "1834"]
[PlyCount "94"]
[EventDate "2005.01.15"]
[EventType "swiss"]
[EventRounds "5"]
[EventCountry "NOR"]
[SourceTitle "EXT 2008"]
[Source "ChessBase"]
[SourceDate "2007.11.25"]
[SourceVersion "1"]
[SourceVersionDate "2007.11.25"]
[SourceQuality "1"]

1. e4 c5 2. Nf3 d6 3. d4 cxd4 4. Qxd4 Nc6 5. Bb5 Bd7 6. Bxc6 bxc6 7. 0-0 e5 8. Qd3 Be7 9. c4 Qc7 10. Nc3 Nf6 11. Bg5 h6 12. Bh4 g5 13. Bg3 h5 14. h4 g4 15. Nd2 Nh7 16. Rfd1 Nf8 17. c5 dxc5 18. Nc4 f6 19. Rac1 Ne6 20. Nd6+ Qxd6 21. Qxd6 Bxd6 22. Rxd6 Ke7 23. Rd2 Rab8 24. b3 Rhd8 25. Na4 Be8 26. Rcd1 Rxd2 27. Rxd2 Rd8 28. Rxd8 Kxd8 29. f3 Kd7 30. Bf2 Kd6 31. Nb2 gxf3 32. Nc4+ Kc7 33. gxf3 Nd4 34. Kg2 Bf7 35. Nb2 Kb6 36. Be3 c4 37. bxc4 Kc5 38. f4 Bxc4 39. fxe5 fxe5 40. a3 Bb3 41. Bh6 Bc2 42. Bf8+ Kb5 43. Bd6 Bxe4+ 44. Kf2 Nf5 45. Bxe5 Nxh4 46. Ke3 Bc2 47. Kd2 Nf3+ 0-1

[Event "NOR-chT north 0304"]
[Site "Norway"]
[Date "2004.03.06"]
[Round "4.3"]
[White "Sorensen, Kristian"]
[Black "Larsen, Stig Borje"]
[Result "1/2-1/2"]
[WhiteElo "2073"]
[BlackElo "1639"]
[PlyCount "97"]
[EventDate "2004.01.??"]
[EventType "team"]
[EventRounds "5"]
[EventCountry "NOR"]
[SourceTitle "EXT 2006"]
[Source "ChessBase"]
[SourceDate "2005.11.24"]
[SourceVersion "1"]
[SourceVersionDate "2005.11.24"]
[SourceQuality "1"]

1. d4 Nf6 2. Nf3 e6 3. Bg5 Be7 4. Nbd2 d5 5. e3 Nbd7 6. Bd3 b6 7. c3 Bb7 8. Qa4 c6 9. 0-0 h6 10. Bxf6 Bxf6 11. e4 dxe4 12. Nxe4 Qc7 13. Rad1 0-0 14. Bb1 c5 15. Qc2 Rfd8 16. Rfe1 Bxe4 17. Qxe4 Nf8 18. h3 cxd4 19. Nxd4 Bxd4 20. Rxd4 Rxd4 21. cxd4 Rd8 22. Rd1 Qc4 23. Qd3 Qxd3 24. Bxd3 Rc8 25. Kf1 Nd7 26. Ke2 Nf6 27. g3 Kf8 28. Kd2 Ke7 29. Bc2 Kd6 30. Bb3 Rc7 31. Kd3 Nd5 32. a3 Ne7 33. Ke4 Nd5 34. Bxd5 exd5+ 35. Kd3 Re7 36. Rc1 Rc7 37. Re1 Re7 38. Rc1 Rc7 39. Re1 Re7 40. Rb1 Rc7 41. a4 a6 42. h4 g6 43. g4 Re7 44. Rc1 Rc7 45. Rxc7 Kxc7 46. Ke3 g5 47. hxg5 hxg5 48. f4 f6 49. fxg5 1/2-1/2

[Event "NOR-chT north 0304"]
[Site "Norway"]
[Date "2004.02.21"]
[Round "3.3"]
[White "Larsen, Stig Borje"]
[Black "Brattetveit, Kenneth"]
[Result "1-0"]
[WhiteElo "1639"]
[BlackElo "1658"]
[PlyCount "95"]
[EventDate "2004.01.??"]
[EventType "team"]
[EventRounds "5"]
[EventCountry "NOR"]
[SourceTitle "EXT 2006"]
[Source "ChessBase"]
[SourceDate "2005.11.24"]
[SourceVersion "1"]
[SourceVersionDate "2005.11.24"]
[SourceQuality "1"]

1. e4 e6 2. d4 d5 3. Nd2 Nf6 4. e5 Nfd7 5. Bd3 c5 6. c3 Nc6 7. Ne2 Qb6 8. Nf3 cxd4 9. cxd4 f6 10. Nc3 fxe5 11. dxe5 g6 12. 0-0 Bg7 13. Re1 0-0 14. Qe2 Ndxe5 15. Nxe5 Nxe5 16. Bb5 Nc6 17. Be3 d4 18. Na4 Qc7 19. Bg5 e5 20. Rac1 Bd7 21. Nc5 Rac8 22. Bc4+ Kh8 23. Be6 Bxe6 24. Nxe6 Qf7 25. Nxf8 Rxf8 26. b3 Qf5 27. Bd2 e4 28. Rf1 d3 29. Qe3 Nd4 30. Rc4 Ne2+ 31. Kh1 Re8 32. Re1 b5 33. Rc7 Be5 34. Rb7 Qh5 35. Qh6 Qxh6 36. Bxh6 Bd4 37. Rf1 Nc3 38. Rd7 Bb6 39. Bg7+ Kg8 40. Bxc3 Rc8 41. Bd4 Ba5 42. Be3 Rc2 43. Rc1 Bb6 44. Rxc2 dxc2 45. Bc1 Bxf2 46. Rd2 e3 47. Rxc2 Kf7 48. g3 1-0

[Event "Bergen Sommer op"]
[Site "Bergen"]
[Date "2003.08.08"]
[Round "6"]
[White "Torgersen, Terje"]
[Black "Larsen, Stig Borje"]
[Result "1/2-1/2"]
[WhiteElo "1916"]
[BlackElo "1648"]
[PlyCount "40"]
[EventDate "2003.08.??"]
[EventType "swiss"]
[EventRounds "6"]
[EventCountry "NOR"]
[SourceTitle "EXT 2005"]
[Source "ChessBase"]
[SourceDate "2004.11.15"]
[SourceVersion "1"]
[SourceVersionDate "2004.11.15"]
[SourceQuality "1"]

1. d4 Nf6 2. Nf3 g6 3. g3 Bg7 4. Bg2 c6 5. 0-0 0-0 6. c4 d6 7. Nc3 Nbd7 8. b3 c5 9. dxc5 Nxc5 10. Bb2 a5 11. Nd5 Nxd5 12. Bxg7 Kxg7 13. cxd5 Bd7 14. Qd4+ f6 15. Nd2 Bb5 16. Rfe1 Rc8 17. Bh3 Bd7 18. Bxd7 Qxd7 19. b4 axb4 20. Qxb4 Ra8 1/2-1/2

[Event "NOR-chT north 0001"]
[Site "Norway"]
[Date "2001.??.??"]
[Round "4"]
[White "Saevareid, Ove"]
[Black "Larsen, Stig Borje"]
[Result "1-0"]
[WhiteElo "1994"]
[BlackElo "1711"]
[PlyCount "157"]
[EventDate "2001.??.??"]
[EventType "team"]
[EventRounds "5"]
[EventCountry "NOR"]
[SourceTitle "EXT 2005"]
[Source "ChessBase"]
[SourceDate "2004.11.15"]
[SourceVersion "1"]
[SourceVersionDate "2004.11.15"]
[SourceQuality "1"]

1. Nf3 Nf6 2. c4 b6 3. g3 Bb7 4. Bg2 e6 5. 0-0 c5 6. b3 d6 7. Bb2 Nbd7 8. Nc3 Be7 9. d4 cxd4 10. Qxd4 0-0 11. Rfd1 Qb8 12. Rac1 Rd8 13. Qh4 Nf8 14. Qh3 Ng6 15. Nd4 a6 16. Nc6 Bxc6 17. Bxc6 Ra7 18. Bg2 Rad7 19. Ne4 Ne8 20. Nd2 Bf6 21. Bxf6 Nxf6 22. Ne4 Ne8 23. Ng5 Nf6 24. Ne4 Ne8 25. Nc3 Ne7 26. Qh4 Nf6 27. Qf4 d5 28. Qxb8 Rxb8 29. cxd5 Nexd5 30. Bxd5 exd5 31. Na4 Kf8 32. Rc6 Rdb7 33. e3 Ke7 34. Kf1 Kd7 35. Rcc1 Rc7 36. Rxc7+ Kxc7 37. Nc3 Rd8 38. Ne2 g6 39. h4 Rd6 40. Nd4 Ne4 41. Rc1+ Kd7 42. Rc2 Rf6 43. g4 h6 44. f3 Nc5 45. g5 hxg5 46. hxg5 Rd6 47. f4 Ne6 48. Rd2 Ng7 49. Ke2 Nh5 50. Nf3 Ng3+ 51. Kd3 Ne4 52. Rc2 Nc5+ 53. Kd4 Ne6+ 54. Kd3 Nc5+ 55. Ke2 Ne6 56. Ne5+ Ke7 57. Kf3 d4 58. Rc6 Rd5 59. Rxb6 Nxg5+ 60. fxg5 Rxe5 61. exd4 Rf5+ 62. Ke4 a5 63. Rb7+ Kd6 64. Ra7 Rxg5 65. Rxf7 Rg4+ 66. Kd3 Kd5 67. Rd7+ Kc6 68. Ra7 Kb6 69. Ra8 Rg2 70. a4 g5 71. Rb8+ Kc6 72. Rb5 g4 73. Rxa5 g3 74. Rg5 Rg1 75. Kc4 g2 76. Rg6+ Kc7 77. Kd5 Kd7 78. Rg7+ Kd8 79. a5 1-0

[Event "NOR-chT 9900"]
[Site "Norway"]
[Date "2000.??.??"]
[Round "1"]
[White "Larsen, Stig Borje"]
[Black "Gabrielsen, Stig"]
[Result "0-1"]
[WhiteElo "2454"]
[BlackElo "2272"]
[PlyCount "86"]
[EventDate "1999.??.??"]
[EventType "team"]
[EventRounds "9"]
[EventCountry "NOR"]
[SourceTitle "EXT 2001"]
[Source "ChessBase"]
[SourceDate "2000.11.22"]
[SourceVersion "1"]
[SourceVersionDate "2000.11.22"]
[SourceQuality "1"]

1. e4 c5 2. Nf3 Nc6 3. d4 cxd4 4. Nxd4 Nf6 5. Nc3 d6 6. Be2 e6 7. 0-0 Be7 8. Kh1 a6 9. a4 0-0 10. f4 Qc7 11. Nf3 Nd7 12. Be3 b6 13. Qe1 Bb7 14. Qf2 Nb4 15. Nd4 Bf6 16. Bf3 Rae8 17. Rad1 Qc8 18. Qd2 Be7 19. Rfe1 Nc5 20. f5 Nc6 21. fxe6 fxe6 22. Nxc6 Bxc6 23. Bxc5 dxc5 24. Qe2 Qb7 25. Bg4 Bh4 26. Rf1 Rxf1+ 27. Rxf1 b5 28. axb5 axb5 29. Qf3 Bf6 30. Qh3 Qe7 31. Re1 Be5 32. Bh5 g6 33. Bg4 Kg7 34. Qe3 Rf8 35. Bf3 h5 36. g3 h4 37. Kg2 Qf6 38. Ra1 h3+ 39. Kxh3 Qxf3 40. Ra7+ Kg8 41. Qxc5 Qf1+ 42. Kg4 Rf4+ 43. Kg5 Rf5+ 0-1

[Event "North Sea tt 1st Bd1 corr"]
[Site "England"]
[Date "1998.??.??"]
[Round "?"]
[White "Karlsson, Einar"]
[Black "Larsen, Stig Borje"]
[Result "0-1"]
[WhiteElo "2391"]
[BlackElo "2434"]
[PlyCount "80"]
[EventDate "1998.??.??"]
[EventType "team (corr)"]
[EventRounds "10"]
[EventCountry "ENG"]
[SourceTitle "Corr 2002"]
[Source "ChessBase"]
[SourceDate "2002.05.23"]
[SourceVersion "1"]
[SourceVersionDate "2002.05.23"]
[SourceQuality "1"]

1. e4 c5 2. Nf3 Nc6 3. d4 cxd4 4. Nxd4 Nf6 5. Nc3 d6 6. Bg5 e6 7. Qd2 a6 8. 0-0-0 h6 9. Be3 Be7 10. f4 Nxd4 11. Bxd4 b5 12. Bd3 b4 13. Ne2 Qa5 14. Kb1 e5 15. Bf2 Be6 16. Nc1 0-0 17. f5 Bc8 18. h4 Bb7 19. Nb3 Qa4 20. Qe2 h5 21. g4 Nxg4 22. Rdg1 Bf6 23. Rxg4 hxg4 24. Qxg4 a5 25. h5 Kh7 26. Bh4 Qe8 27. Nd2 Bxh4 28. Rxh4 Qe7 29. h6 g5 30. Bc4 Rad8 31. Rh1 f6 32. Qf3 d5 33. exd5 Qd7 34. Qh5 Qf7 35. Qxf7+ Rxf7 36. Ne4 Bxd5 37. Rd1 Bxe4 38. Rxd8 Rc7 39. Bd3 Bxd3 40. cxd3 Kxh6 0-1

[Event "North Sea tt 1st Bd1 corr"]
[Site "England"]
[Date "1998.??.??"]
[Round "?"]
[White "Larsen, Stig Borje"]
[Black "Frostick, Clive A"]
[Result "1/2-1/2"]
[WhiteElo "2434"]
[BlackElo "2466"]
[PlyCount "60"]
[EventDate "1998.??.??"]
[EventType "team (corr)"]
[EventRounds "10"]
[EventCountry "ENG"]
[SourceTitle "Corr 2002"]
[Source "ChessBase"]
[SourceDate "2002.05.23"]
[SourceVersion "1"]
[SourceVersionDate "2002.05.23"]
[SourceQuality "1"]

1. e4 c5 2. Nf3 Nc6 3. d4 cxd4 4. Nxd4 Nf6 5. Nc3 e5 6. Ndb5 d6 7. Nd5 Nxd5 8. exd5 Nb8 9. c4 Be7 10. Be3 a6 11. Nc3 0-0 12. Qd2 f5 13. f3 Nd7 14. Be2 b6 15. 0-0 a5 16. g3 Nc5 17. Rac1 Bf6 18. b3 Ra7 19. Nb5 Raf7 20. Kh1 g5 21. Rg1 Rg7 22. Qc2 Kh8 23. a3 f4 24. gxf4 exf4 25. Bd4 Re8 26. b4 Na6 27. Qd2 Bxd4 28. Nxd4 Qf6 29. Nc2 axb4 30. axb4 Nb8 1/2-1/2

[Event "North Sea tt 1st Bd1 corr"]
[Site "England"]
[Date "1998.??.??"]
[Round "?"]
[White "Larsen, Stig Borje"]
[Black "Liljedahl, Ernst"]
[Result "1/2-1/2"]
[WhiteElo "2434"]
[BlackElo "2469"]
[PlyCount "85"]
[EventDate "1998.??.??"]
[EventType "team (corr)"]
[EventRounds "10"]
[EventCountry "ENG"]
[SourceTitle "Corr 2002"]
[Source "ChessBase"]
[SourceDate "2002.05.23"]
[SourceVersion "1"]
[SourceVersionDate "2002.05.23"]
[SourceQuality "1"]

1. e4 e5 2. Nf3 Nc6 3. d4 exd4 4. Nxd4 Nf6 5. Nxc6 bxc6 6. e5 Qe7 7. Qe2 Nd5 8. c4 Qb4+ 9. Nd2 Nf4 10. Qe3 Ne6 11. Bd3 d5 12. 0-0 Be7 13. Kh1 Qb6 14. Qg3 g6 15. f4 Nd4 16. Rb1 a5 17. b3 h5 18. Bb2 Be6 19. Bxg6 fxg6 20. Bxd4 Qxd4 21. Qxg6+ Kd7 22. f5 Qxe5 23. fxe6+ Qxe6 24. Nf3 Qxg6 25. Ne5+ Kd6 26. Nxg6 Rh6 27. Nxe7 Kxe7 28. Rf5 Ke6 29. Rg5 Rf8 30. Kg1 Rf4 31. Rc1 Kf6 32. Rg8 d4 33. Ra8 h4 34. Rxa5 h3 35. g3 Re4 36. Rd1 Re2 37. Rxd4 Rg2+ 38. Kh1 Rh7 39. Rd1 Re7 40. Rg1 Rb2 41. Rh5 Ree2 42. Rxh3 Rxa2 43. g4 1/2-1/2

[Event "North Sea tt 1st Bd1 corr"]
[Site "England"]
[Date "1998.??.??"]
[Round "?"]
[White "Reschke, Hans Juergen"]
[Black "Larsen, Stig Borje"]
[Result "1/2-1/2"]
[WhiteElo "2469"]
[BlackElo "2434"]
[PlyCount "116"]
[EventDate "1998.??.??"]
[EventType "team (corr)"]
[EventRounds "10"]
[EventCountry "ENG"]
[SourceTitle "Corr 2002"]
[Source "ChessBase"]
[SourceDate "2002.05.23"]
[SourceVersion "1"]
[SourceVersionDate "2002.05.23"]
[SourceQuality "1"]

1. e4 c5 2. Nf3 Nc6 3. d4 cxd4 4. Nxd4 Nf6 5. Nc3 d6 6. f3 e5 7. Nb3 Be7 8. Be3 Be6 9. Nd5 Bxd5 10. exd5 Nb8 11. Qd2 0-0 12. Be2 a5 13. a4 Nbd7 14. 0-0 Qc7 15. c4 b6 16. Rfe1 Nc5 17. Nxc5 bxc5 18. Bd3 Rfb8 19. Rab1 Nd7 20. b3 Rb7 21. Bc2 g6 22. Re2 f5 23. g4 fxg4 24. fxg4 Rbb8 25. g5 Rf8 26. h4 Rf3 27. Rh2 Rf7 28. h5 gxh5 29. g6 hxg6 30. Bxg6 Rg7 31. Rg2 Nf8 32. Bxh5 Bf6 33. Rf1 Qe7 34. Rf3 e4 35. Rf4 Rb8 36. Bd1 Qe5 37. Bc2 Rbb7 38. Rxe4 Qa1+ 39. Qd1 Qc3 40. Rgg4 Rxg4+ 41. Rxg4+ Rg7 42. Rxg7+ Bxg7 43. Kf2 Bh6 44. Bxh6 Qf6+ 45. Ke2 Qxh6 46. Qe1 Qh5+ 47. Kd3 Qg6+ 48. Kd2 Qf6 49. Kc1 Qd8 50. Bd3 Kf7 51. Kc2 Kg8 52. Bf5 Kg7 53. Kb1 Qg5 54. Bc2 Qd8 55. Qe3 Qf6 56. Qe1 Qd8 57. Qg3+ Kf7 58. Ka2 Qf6 1/2-1/2

[Event "Nordic CupT 3rd B09 corr"]
[Site "corr"]
[Date "1997.??.??"]
[Round "?"]
[White "Gunnlaugsson, Gisli"]
[Black "Larsen, Stig Borje"]
[Result "1/2-1/2"]
[WhiteElo "2315"]
[BlackElo "2430"]
[PlyCount "69"]
[EventDate "1997.??.??"]
[EventType "tourn (corr)"]
[EventRounds "4"]
[EventCategory "3"]
[SourceTitle "Corr 2002"]
[Source "ChessBase"]
[SourceDate "2002.05.23"]
[SourceVersion "1"]
[SourceVersionDate "2002.05.23"]
[SourceQuality "1"]

1. e4 c5 2. Nf3 d6 3. d4 cxd4 4. Nxd4 Nf6 5. Nc3 a6 6. Be3 Ng4 7. Bg5 h6 8. Bh4 g5 9. Bg3 Bg7 10. Be2 h5 11. h4 Nc6 12. Nxc6 bxc6 13. hxg5 Rb8 14. Qd2 Rxb2 15. Na4 Rb5 16. Rd1 Ra5 17. Qb4 Bd7 18. Nc3 Rxg5 19. Bf4 Rc5 20. Na4 Rxc2 21. Qb3 Rxe2+ 22. Kxe2 c5 23. Nc3 Bd4 24. f3 Nf2 25. Rxd4 cxd4 26. Kxf2 dxc3 27. Qxc3 Rh7 28. g4 h4 29. Bg5 h3 30. Kg3 Qb6 31. Be3 Qc6 32. Qb2 Qb5 33. Qxb5 axb5 34. Rxh3 Rxh3+ 35. Kxh3 1/2-1/2